[Event "Wch Seniors 50 28th"]
[Site "Bled"]
[Date "2018.11.29"]
[Round "11"]
[White "Bouton, Christophe"]
[Black "Shashidhar, B Rai"]
[Result "1-0"]
[WhiteElo "1963"]
[BlackElo "1332"]
[PlyCount "25"]
[EventDate "2018.11.18"]
[EventType "swiss"]
[EventRounds "11"]
[EventCountry "SLO"]
[SourceTitle "EXT 2020"]
[Source "ChessBase"]
[SourceDate "2019.10.17"]
[SourceVersion "1"]
[SourceVersionDate "2019.10.17"]
[SourceQuality "1"]

1. e4 c5 2. Nf3 d6 3. d4 cxd4 4. Nxd4 Nf6 5. Nc3 a6 6. Be2 e5 7. Nb3 Qc7 8. 0-0 h6 9. Be3 Be6 10. Nd5 Nxd5 11. exd5 Bf5 12. c4 Nd7 13. Rc1 1-0

[Event "Wch Seniors 50 28th"]
[Site "Bled"]
[Date "2018.11.21"]
[Round "4"]
[White "Shashidhar, B Rai"]
[Black "Schneider, Waldemar"]
[Result "1/2-1/2"]
[WhiteElo "1332"]
[BlackElo "1738"]
[PlyCount "78"]
[EventDate "2018.11.18"]
[EventType "swiss"]
[EventRounds "11"]
[EventCountry "SLO"]
[SourceTitle "CBM 187 Extra"]
[Source "ChessBase"]
[SourceDate "2018.11.04"]
[SourceVersion "1"]
[SourceVersionDate "2018.11.04"]
[SourceQuality "1"]

1. e4 d5 2. exd5 Qxd5 3. Nc3 Qd6 4. d4 Nf6 5. Nf3 a6 6. h3 Bf5 7. Bd3 Qe6+ 8. Be3 Ne4 9. Nxe4 Bxe4 10. Bxe4 Qxe4 11. 0-0 Nc6 12. c3 e6 13. Re1 Bd6 14. Bd2 Qd5 15. b3 b5 16. Rc1 Ba3 17. Rc2 0-0 18. Bf4 Bd6 19. c4 Qf5 20. Bxd6 cxd6 21. Qd2 h5 22. c5 Nb4 23. Rc3 Nd5 24. Rcc1 dxc5 25. Rxc5 g6 26. Qh6 Qf6 27. Rec1 Nf4 28. Kh2 Nd3 29. R1c2 Nxc5 30. dxc5 b4 31. c6 Rfc8 32. Qe3 Kf8 33. Ne5 Ke8 34. Nd7 Qe7 35. Qe5 Qd8 36. Qh8+ Ke7 37. Qf6+ Ke8 38. Qh8+ Ke7 39. Qf6+ Ke8 1/2-1/2

[Event "Mumbai Wealth op 3rd"]
[Site "Mumbai"]
[Date "2018.01.03"]
[Round "5"]
[White "Shashidhar, B Rai"]
[Black "Mota, Pankit"]
[Result "0-1"]
[WhiteElo "1365"]
[BlackElo "1898"]
[PlyCount "80"]
[EventDate "2017.12.30"]
[EventType "swiss"]
[EventRounds "9"]
[EventCountry "IND"]
[SourceTitle "CBM 182 Extra"]
[Source "ChessBase"]
[SourceDate "2018.02.23"]
[SourceVersion "1"]
[SourceVersionDate "2018.02.23"]
[SourceQuality "1"]

1. e4 e6 2. e5 d5 3. exd6 cxd6 4. d4 Nf6 5. Nf3 Be7 6. Be2 0-0 7. 0-0 b6 8. c4 Bb7 9. Nc3 d5 10. cxd5 Nxd5 11. Nxd5 Qxd5 12. Be3 Rd8 13. b3 Nd7 14. Rc1 Qf5 15. Bd3 Bxf3 16. gxf3 Qh3 17. Be4 Nf6 18. Bxa8 Bd6 19. f4 Ng4 20. Qxg4 Qxg4+ 21. Bg2 Bxf4 22. Bxf4 Qxf4 23. d5 exd5 24. Bxd5 g6 25. Bg2 Rd2 26. Rc4 Qf6 27. a4 Kg7 28. Rc7 a5 29. Rc6 Qd4 30. h3 Rb2 31. Rc4 Qd2 32. Rg4 Rxb3 33. Rg3 Rxg3 34. fxg3 Qd4+ 35. Kh2 Qxa4 36. h4 Qd4 37. Rf4 Qd2 38. Kh3 a4 39. h5 a3 40. hxg6 hxg6 0-1